| 000 | 00498nam a22001817a 4500 | ||
|---|---|---|---|
| 005 | 20240802095243.0 | ||
| 008 | 240802b |||||||| |||| 00| 0 eng d | ||
| 020 | _a978150307852 | ||
| 082 |
_a005.432 _bBET-C |
||
| 100 | _aBettany, Andrew | ||
| 245 |
_aExam Ref 70-697 Configuring Windows Devices _cAndrew, Waren |
||
| 260 |
_ausa: _bwiley; _c2015. |
||
| 300 |
_axiv, 405 p. : _bill; _c24 cm. |
||
| 500 | _ainclude index. | ||
| 650 | _aNetworkinng | ||
| 700 | _aAndrew, Waren | ||
| 999 |
_c36259 _d36259 |
||